1450 1545 1109 1689 1043 1203 1417 1714 1539 1346 1206 1489 1066 1227 1789 1671 1079 1866 1726 1759 1457 1143 1968 1895 1643 1057 1214 1431 1364 1202 1518 1393 1087 1787 1814 1582 1508 1146 1582 1983 1281 1074 1587 1777 1164 1104 1851 1280 1757 1752 1612 1841 1058 1596 1027 1867 1619 1804 1447 1156 1558 1294 1759 1347 1642 1085 1432 1374 1913 1132 1548 1248 1940 1372 1632 1998 1790 1598 1867 1064 1044 1761 1075 1969 1104 1927 1098 1819 1226 1423 1719 1047 1713 1057 1591 1086 1271 1112 1983 BCNSPRNW ULIB Ver.6.0+V

เปลี่ยนเป็นภาษาไทย

Change to English
 แสดงรายละเอียดบรรณานุกรม
  กลับหน้าหลัก

Brief Record : Get Marc (ISO 2709) : E-mail record : QR code < ปิดหน้าต่าง
LEADER : 00000nam 2200000uu 4500
001    13399125177
003     ULIB
008    161031s2555||||th 000 0 tha d
050  0 ู^aBQ4570 ป451น
100  ^ ^aหลวงพ่อปราโมทย์ ปาโมชฺโช.
245  ^ ^aนาทีทองในสังสารวัฏเล่ม 1 / ^cธรรมเทศนาโดย หลวงพ่อปราโมทย์ ปาโมชฺโช.
250    พิมพ์ครั้งที่ 1
260  ^ ^aกรุงเทพฯ :^bธรรมดา,^c2555
300  ^ ^aเล่ม.
505  ^ ^aล.1 กัณฑ์ที่ 1-5.
650  ^ ^aธรรมะ.
650  ^ ^aธรรมเทศนา.
945    ^p0^l0^i001446
999    ^aวรรณษา ชูชัยมงคล
รายการนี้ยังไม่มีแท็ก
คุณยังไม่ได้ล็อกอิน คุณสามารถมีกิจกรรมร่วมกับเว็บไซต์ได้ แต่ต้องล็อกอินก่อน ::
  ล็อกอิน

รายการสื่อสารสนเทศ

ลำดับที่ ประเภท เลขเรียก/บาร์โค้ด สถานที่ สถานะ
1. การศึกษาทั่วไป
การศึกษาทั่วไป
ู BQ4570 ป451น ฉ.1 
  Barcode: 001446
ห้องสมุดวิทยาเขตสวรรค์ประชารักษ์
►หนังสือทั่วไป
บนชั้น

รายการใกล้เคียง
    ผู้แต่ง [หลวงพ่อปราโมทย์ ปาโมชฺโช.]

    หัวเรื่อง [ธรรมะ.]

BibComment


ยังไม่เคยถูกคอมเมนท์

คอมเมนท์ทรัพยากรรายการนี้
  คอมเมนท์: นาทีทองในสังสารว..


 Copyright 2026. Bcnsprnw @Library